Library Banner

Environmental profile of Pakistan 1991 (Record no. 31246)

MARC details
000 -LEADER
fixed length control field 00484nam a2200181Ia 4500
001 - CONTROL NUMBER
control field 31124
003 - CONTROL NUMBER IDENTIFIER
control field PK-LaUMT
005 - DATE AND TIME OF LATEST TRANSACTION
control field 20220902155943.0
008 - FIXED-LENGTH DATA ELEMENTS--GENERAL INFORMATION
fixed length control field 140416s9999 xx 000 0 und d
040 ## - CATALOGING SOURCE
Transcribing agency PK-LaUMT
082 ## - DEWEY DECIMAL CLASSIFICATION NUMBER
Classification number W 304.2095491
Item number MUR-E
100 ## - MAIN ENTRY--PERSONAL NAME
Personal name Murtaza, Najib
245 ## - TITLE STATEMENT
Title Environmental profile of Pakistan 1991
Statement of responsibility, etc Murtaza, Najib
260 ## - PUBLICATION, DISTRIBUTION, ETC. (IMPRINT)
Place of publication, distribution, etc Japan:
Name of publisher, distributor, etc The Overseas Economic Corporation Fund,
Date of publication, distribution, etc 1991
300 ## - PHYSICAL DESCRIPTION
Extent 684 p.
546 ## - LANGUAGE NOTE
Language note EN
942 ## - ADDED ENTRY ELEMENTS (KOHA)
Koha item type Permanently weeded out collection
Source of classification or shelving scheme Dewey Decimal Classification
Holdings
Withdrawn status Lost status Damaged status Not for loan Home library Current library Date acquired Total Checkouts Full call number Barcode Date last seen Price effective from Koha item type
        UMT Main Campus UMT Main Campus 2014-04-16   W 304.2095491 MUR-E 37822 2014-05-03 2014-05-03 Books